| 000 | 01017cam a2200349 a 4500 | ||
|---|---|---|---|
| 001 | 67942 | ||
| 003 | DO-SdBNP | ||
| 005 | 20240812105531.0 | ||
| 007 | 67942 | ||
| 008 | 110131s2010 mx b b 000 0 spa | ||
| 010 | _a | ||
| 020 | _a9786071107749 | ||
| 035 | _a | ||
| 040 |
_aBPMSU _cspa _dBPMSU |
||
| 042 | _a | ||
| 043 | _a | ||
| 082 |
_a467.0098 _bL864a 2010 _222 |
||
| 100 | 1 |
_aLópez Morales, Humberto. _d1936- |
|
| 245 | 1 | 3 |
_aLa andadura del español por el mundo / _cHumberto López Morales. |
| 260 |
_aMéxico : _bTaurus, _c2010. |
||
| 300 |
_a464 p. ; _c24 cm. _b |
||
| 504 | _a | ||
| 586 | _aPremio de Ensayo Isabel Polanco | ||
| 590 | _aInventariado, 2024/BM | ||
| 650 | 4 |
_a Español _xHistoria |
|
| 650 | 4 |
_aEspañol _xDialectos _z |
|
| 650 | 4 |
_aEspañol en América _x Historia |
|
| 856 | 4 | 2 |
_3 _u |
| 856 | 4 | 2 |
_3Publisher description _uhttp://www.loc.gov/catdir/enhancements/fy1113/2011376676-d.html |
| 910 | _aVMateo V. Control de calidad. BPMSU | ||
| 942 |
_2ddc _cBK |
||
| 999 |
_c11239 _d11239 |
||